King Crimson Songs By Length - Statistics

General Stats
  • This quiz has been taken 37 times
  • The average score is 10 of 20
Answer Stats
Album Length Answer % Correct
Red 12:18 Starless
94%
In the Court of the Crimson King 8:47 Epitaph
84%
In the Court of the Crimson King 12:13 Moonchild
84%
In the Court of the Crimson King 9:25 The Court of the Crimson King
77%
Larks Tongues in Aspic 13:36 Larks' Tongues in Aspic, Part One
71%
Lizard 23:25 Lizard
68%
Islands 11:51 Islands
61%
In the Wake of Poseidon 8:24 In the Wake of Poseidon
55%
Red 8:08 Providence
55%
Starless and Bible Black 9:11 Starless and Bible Black
55%
Starless and Bible Black 11:14 Fracture
45%
In the Wake of Poseidon 7:57 Pictures of a City
45%
Larks Tongues in Aspic 7:54 Easy Money
42%
In the Wake of Poseidon 11:30 The Devils Triangle
42%
Discipline 8:22 The Sheltering Sky
42%
Islands 10:18 Formentera Lady
39%
The Power to Believe 7:43 The Power to Believe II
19%
The Construkction of Light 9:06 FraKctured
13%
The Power to Believe 7:59 Elektrik
10%
The Construkction of Light 7:46 Heaven and Earth (ProjeKct X)
6%
No matching quizzes found
Score Distribution
Percent of People with Each Score
Percentile by Number Answered
Your Score History
You have not taken this quiz